Facultad de Derecho – Universidad Nacional de Mar del Plata

Las reformas a la constitucion argentina ( 1860; 1866; 1898; 1949; 1957; 1994) / (Record no. 2620)

MARC details
000 -LEADER
fixed length control field 00655nam a22002175a 4500
001 - CONTROL NUMBER
control field 002732
003 - CONTROL NUMBER IDENTIFIER
control field armpunfd
005 - DATE AND TIME OF LATEST TRANSACTION
control field 20140612090714.0
008 - FIXED-LENGTH DATA ELEMENTS--GENERAL INFORMATION
fixed length control field 140505s1999####xx############000#0#und#d
020 ## - INTERNATIONAL STANDARD BOOK NUMBER
International Standard Book Number 9879672275
040 ## - CATALOGING SOURCE
Original cataloging agency armpunfd
Transcribing agency armpunfd
080 ## - UNIVERSAL DECIMAL CLASSIFICATION NUMBER
Universal Decimal Classification number 342.4 (82) T 516
100 1# - MAIN ENTRY--PERSONAL NAME
Personal name Tirigall Caste Ricardo,
Dates associated with a name 1999.
245 10 - TITLE STATEMENT
Title Las reformas a la constitucion argentina ( 1860; 1866; 1898; 1949; 1957; 1994) /
Statement of responsibility, etc Tirigall Caste, Ricardo.
260 ## - PUBLICATION, DISTRIBUTION, ETC. (IMPRINT)
Place of publication, distribution, etc Mar del Plata :
Name of publisher, distributor, etc Club del Libro,
Date of publication, distribution, etc 1999.
300 ## - PHYSICAL DESCRIPTION
Extent 294 p.
650 #7 - SUBJECT ADDED ENTRY--TOPICAL TERM
Topical term or geographic name as entry element Constitucion Argentina
Source of heading or term LEMB
650 #7 - SUBJECT ADDED ENTRY--TOPICAL TERM
Topical term or geographic name as entry element Reformas
Source of heading or term LEMB
942 ## - ADDED ENTRY ELEMENTS (KOHA)
Koha item type
Source of classification or shelving scheme
945 ## - LOCAL PROCESSING INFORMATION (OCLC)
a CELESTE
d 2014-05-05
Holdings
Withdrawn status Lost status Source of classification or shelving scheme Damaged status Not for loan Home library Current library Shelving location Date acquired Total Checkouts Total Renewals Full call number Barcode Date last seen Date checked out Price effective from Koha item type
          Bib. Derecho Bib. Derecho Sala de Lectura 12/06/2014 3 1 342.4 (82) T 516 202843 29/04/2024 26/04/2024 12/06/2014 LIBRO (Consulta)

XHTML | CSS | ©Biblioteca Central - Dto. Tecnología de la Información - [ Con tecnología Koha ]